|
|
|
|
| LEADER |
00000nam0a2200000 4500 |
| 001 |
106796 |
| 005 |
20231031115035.0 |
| 035 |
|
|
|a (RuTPU)RU\TPU\book\115332
|
| 090 |
|
|
|a 106796
|
| 100 |
|
|
|a 20061214d1975 km y0rusy50 ca
|
| 101 |
0 |
|
|a rus
|
| 102 |
|
|
|a RU
|
| 105 |
|
|
|a a g 001zy
|
| 200 |
1 |
|
|a Коррозионная стойкость материалов в агрессивных средах химических проиводств
|f Г. Я. Воробьева
|
| 205 |
|
|
|a 2-е изд., перераб. и доп.
|
| 210 |
|
|
|a Москва
|c Химия
|d 1975
|
| 215 |
|
|
|a 816 с.
|c ил.
|
| 320 |
|
|
|a Библиография в конце глав.
|
| 320 |
|
|
|a Предметный указатель: с. 806-816.
|
| 330 |
|
|
|a В книге обобщены данные о свойствах и коррозионной стойкости металлических и неметаллических материалов. В ней приводятся таблицы и диаграммы коррозионной стойкости металлов и сплавов, пластмасс, стеклопластиков, резин, лакокрасочных и силикатных материалов в агрессивных органических и неорганических средах при комнатной и повышенной температурах. Второе издание дополнено главой, в которой излагаются основные принципы выбора коррозионностойких материалов и покрытий. Справочное пособие предназначено для конструкторов, инженеров и научных работников химической и других отраслей промышленности. Оно может быть полезно студентам-дипломникам химических вузов.
|
| 610 |
1 |
|
|a коррозионная стойкость
|
| 610 |
1 |
|
|a защитные покрытия
|
| 610 |
1 |
|
|a коррозионностойкие материалы
|
| 610 |
1 |
|
|a коррозионностойкие покрытия
|
| 610 |
1 |
|
|a справочные пособия
|
| 675 |
|
|
|a 620.191(035)
|v 3
|
| 700 |
|
1 |
|a Воробьева
|b Г. Я.
|g Галина Яковлевна
|
| 801 |
|
1 |
|a RU
|b 63413507
|c 20061214
|g PSBO
|
| 801 |
|
2 |
|a RU
|b 63413507
|c 20160525
|g PSBO
|
| 942 |
|
|
|c BK
|